| 000 | 05644cam a22018854i 4500 | ||
|---|---|---|---|
| 003 | PE-LiUPU | ||
| 005 | 20250813170008.0 | ||
| 008 | 150616s1997 ck a r 000 0 spa d | ||
| 020 | _a9586001954 | ||
| 020 | _a9789684223196 | ||
| 035 | _a(Sirsi) i9789586001953 | ||
| 040 |
_aPE-LiUPU _bspa _cPE-LiUPU _dPE-LiUPU _erda |
||
| 049 | _aPRUA | ||
| 082 | 0 | 4 |
_a657.42 _bP768c _223 |
| 100 | 1 |
_aPolimeni, Ralph S., _eautor. |
|
| 245 | 1 | 0 |
_aContabilidad de Costos : _bconceptos y aplicaciones para la toma de decisiones gerenciales / _cRalph S. Polimeni, Frank J. Fabozzi y Arthur H. Adelberg. |
| 250 | _aSegunda Edición. | ||
| 264 | 1 |
_aSantafé de Bogotá : _bMcGraw-Hill Interamericana, _c1997. |
|
| 300 |
_a879 páginas : _bilustraciones ; _c27 centímetros. |
||
| 336 |
_atext _2rdacontent |
||
| 337 |
_aunmediated _2rdamedia |
||
| 338 |
_avolume _2rdacarrier |
||
| 505 | 0 | _aNaturaleza, conceptos y clasificaciones de la contabilidad de costos -- Sistemas de acumulación de costos de producto, estados financieros y reportes internos -- Costeo y control de materiales y mano de obra -- Costeo y control de costos indirectos de fabricación -- Sistema de costos por órdenes de trabajo -- Costeo por procesos I: naturaleza y características -- Sistema de costeo por procesos II: ampliación de conceptos -- Costeo de productos conjuntos y subproductos -- Costo estándar I: establecimientos de estándares -- Costos estándar II: cálculo y análisis de variaciones -- Costos estándar III: asientos de diario y disposición de las variaciones -- Costeo directo y de absorción -- Presupuesto maestro: su naturaleza, desarrolla y aspectos de comportamiento -- Casos relevantes e ingresos en la toma de decisión a corto plazo -- Análisis de equilibrio y análisis de costo - volumen - utilidad -- Presupuestación de capital -- Operaciones descentralizadas y contabilidad por áreas de responsabilidad -- Medición del desempeño I: evaluación del desempeño de un centro de responsabilidad -- Medición del desempeño II: análisis de la utilidad bruta -- Medición del desempeño III: fijación de precios de trasferencia. | |
| 526 | _aP203 | ||
| 526 | _aP200 | ||
| 526 | _aSEG65 | ||
| 526 | _aSEG64 | ||
| 526 | _aSEG63 | ||
| 526 | _aSEG62 | ||
| 526 | _aSEG61 | ||
| 526 | _aSEG60 | ||
| 526 | _aSEG59 | ||
| 526 | _aSEG58 | ||
| 526 | _aSEG57 | ||
| 526 | _aSEG56 | ||
| 526 | _aSEG55 | ||
| 526 | _aSEG54 | ||
| 526 | _aSEG53 | ||
| 526 | _aSEG52 | ||
| 526 | _aSEG51 | ||
| 526 | _aSEG50 | ||
| 526 | _aSEG49 | ||
| 526 | _aSEG48 | ||
| 526 | _aSEG47 | ||
| 526 | _aSEG46 | ||
| 526 | _aSEG24 | ||
| 526 | _aSEG23 | ||
| 526 | _aSEG22 | ||
| 526 | _aSEG21 | ||
| 526 | _aSEG20 | ||
| 526 | _aSEG19 | ||
| 526 | _aSEG18 | ||
| 526 | _aSEG17 | ||
| 526 | _aSEG16 | ||
| 526 | _aSEG14 | ||
| 526 | _aSEG13 | ||
| 526 | _aSEG12 | ||
| 526 | _aSEG11 | ||
| 526 | _aSEG10 | ||
| 526 | _aSEG09 | ||
| 526 | _aSEG06 | ||
| 526 | _aSEG05 | ||
| 526 | _aSEG04 | ||
| 526 | _aSEG03 | ||
| 526 | _aSEG02 | ||
| 526 | _aSEG68 | ||
| 526 | _aSEG66 | ||
| 526 | _aSEG45 | ||
| 526 | _aSEG25 | ||
| 526 | _aSEG01 | ||
| 526 | _aP163 | ||
| 526 | _aP162 | ||
| 526 | _aP161 | ||
| 526 | _aP160 | ||
| 526 | _aP159 | ||
| 526 | _aP158 | ||
| 526 | _aP157 | ||
| 526 | _aP156 | ||
| 526 | _aP155 | ||
| 526 | _aP154 | ||
| 526 | _aP153 | ||
| 526 | _aP152 | ||
| 526 | _aP151 | ||
| 526 | _aP150 | ||
| 526 | _aP149 | ||
| 526 | _aP142 | ||
| 526 | _aP141 | ||
| 526 | _aP140 | ||
| 526 | _aP139 | ||
| 526 | _aP138 | ||
| 526 | _aP137 | ||
| 526 | _aP132 | ||
| 526 | _aP131 | ||
| 526 | _aP130 | ||
| 526 | _aP126 | ||
| 526 | _aP125 | ||
| 526 | _aP124 | ||
| 526 | _aP123 | ||
| 526 | _aP115 | ||
| 526 | _aP122 | ||
| 526 | _aP121 | ||
| 526 | _aP116 | ||
| 526 | _a P114 | ||
| 526 | _aP112 | ||
| 526 | _aP111 | ||
| 526 | _aP104 | ||
| 526 | _aP103 | ||
| 526 | _aP102 | ||
| 526 | _aP101 | ||
| 526 | _aP100 | ||
| 526 | _aP96 | ||
| 526 | _aP95 | ||
| 526 | _aP93 | ||
| 526 | _aP92 | ||
| 526 | _aP91 | ||
| 526 | _aP88 | ||
| 526 | _aP83 | ||
| 526 | _aP82 | ||
| 526 | _aP79 | ||
| 526 | _aP78 | ||
| 526 | _aP75 | ||
| 526 | _aP74 | ||
| 526 | _aP71 | ||
| 526 | _aP69 | ||
| 526 | _a P51 | ||
| 526 | _aP49 | ||
| 526 | _aP48 | ||
| 526 | _aP47 | ||
| 526 | _aP33 | ||
| 526 | _aP31 | ||
| 526 | _a P30 | ||
| 526 | _aP29 | ||
| 526 | _aP27 | ||
| 526 | _aP26 | ||
| 526 | _aP25 | ||
| 526 | _aP24 | ||
| 526 | _a P22 | ||
| 526 | _aP10 | ||
| 526 | _aP09 | ||
| 526 | _a P08 | ||
| 526 | _aP06 | ||
| 526 | _aP05 | ||
| 526 | _aP04 | ||
| 526 | _aP01 | ||
| 650 | 1 | 4 | _aContabilidad de Costos. |
| 700 | 1 |
_aFabozzi, Frank J., _eautor. |
|
| 700 | 1 |
_aAdelberg, Arthur H., _eautor. |
|
| 700 | 1 |
_aEscobar, William, _etraductor. |
|
| 910 | _ajck | ||
| 942 |
_2ddc _cBK _n0 |
||
| 949 |
_a657.42 P768c _wDEWEY _c1 _i32883 _lCCODEBUL1 _mBUL _r0 _sY _tBOOK _u2015-4-23 _xFCE _0COMPRA _o.STAFF. Colección General |
||
| 949 |
_a657.42 P75 _wDEWEY _c5 _i32882 _lCCODEBUL1 _mBUL _r0 _sY _tBOOK _u2015-4-23 _xFCE _0COMPRA _o.STAFF. Colección General |
||
| 980 |
_81 _gALBERTO SANCHEZ Responsable de Automatización |
||
| 999 |
_c61494 _d61494 |
||